000 00318nam a22001337a 4500
008 170614b xxu||||| |||| 00| 0 eng d
020 _a2900195168432
041 _aeng
080 _25TH
_a94(100)
100 _a17
101 _aSHH
245 _aTHE TWENTIETH- CENTURY WORLD AND BEYOND
_cKEYLOR,W.R
942 _2udc
_cBK
999 _c17426
_d17426